00388 a2200133 450000100060000004000220000624000400002824500290006830000070009765000210010494200070012595201050013299900170023767669 cAnchieta - Pituba10aLingo macht mint, heft 7ldeu / ger10aLingo macht mint, heft 7 a10 4aLíngua alemã cBK 00104070a91.1b91.1d2023-11-21l0o430 L755 LINp22693/PITr2023-11-21 18:35:40w2023-11-21yBK c67669d67669